000 00521nam a2200193Ia 4500
003 GCL
008 140319s9999 xx 000 0 ara d
040 _aGCL /
_cGCL
082 0 4 _a813.008
_bك ش
100 1 _aكوثر عبد الدائم
245 1 0 _aشباك و سنانير و قصص اخرى /
_cكوثر عبد الدائم
300 _a108 ص
490 _a
650 0 4 _aالادب العربى
650 0 4 _aالقصص العربية
650 0 4 _aالادب
650 0 4 _aالقصص
942 _2ddc
_cBK
999 _c40400
_d40400